00581 a2200169 4500003000400000005001700004008004100021020001800062040000900080082002200089245005100111260003300162300001700195942005000212952013200262999001700394OSt20231028153036.0231028b |||||||| |||| 00| 0 eng d a9789356432680 coclc a894.812301bPAN/K a KATHAPADMAM /ccompiled by Pradeep Panangad aKottayam:bD C Books,c2022. a368p,c21 cm 2ddccBKh894.812301iPAN/Kk894.812301mPAN/K 00102ddc40708SSaMESbMEScMALd2023-10-28l0o894.812301 PAN/Kp42994r2023-10-28 15:31:05v420.00w2023-10-28yBKzGR30R3 c42885d42885